| 000 | 01489 a2200241 4500 | ||
|---|---|---|---|
| 001 | 16005 | ||
| 005 | 20260407155452.0 | ||
| 008 | 260407a1970 arg spa d | ||
| 003 | AR-UNSa-BCEJYS | ||
| 040 |
_aAR-UNSa-BCEJYS _bspa _cAR-UNSa-BCEJYS |
||
| 080 |
_a519.2 _xProbabilidades y estadística matemática |
||
| 245 | 1 | 0 | _aTeoría y problemas de estadística |
| 020 | _a968-451-066-7 | ||
| 264 | 1 |
_aMéxico : _bMcGraw-Hill _c1970 |
|
| 300 |
_a357 p. _c27 cm. |
||
| 505 | _a1. Variables y representaciones - 2. Distribuciones de frecuencias - 3. Media, mediana, moda y otras medidas de centralización - 4. La desviación típica y otras medidas de dispersion - 5. Momentos, sesgo y curtosis - 6. Teoría elemental de probabilidades - 7. Las distribuciones binomial, normal y de poisson - 8. Teoría elemental del muestreo - 9. Teoría de la estimación estadística - 10. Teoría de la decision estadística, ensayos de hipotesis y significación - 11. Teoría de pequeñas muestras - 12. La prueba Chi-Cuadrado - 13. Curva de ajuste y método de minimos cuadrados - 14. Teoría de la correlación - 15. Correlación multiple y parcial - 16. Análisis de series de tiempo - 17. Numeros índice | ||
| 942 | _cBK | ||
| 590 | _aniveau_biblio:m niveau_hierar:0 | ||
| 100 | 1 | _aSpiegel, Murray R. | |
| 700 | 1 | _aGómez Espadas, José Luis | |
| 700 | 1 | _aLosada Villasante, Alberto | |
| 856 | 4 | 1 |
_uhttps://www.biblioeco.unsa.edu.ar/pmb/images/libros/16005.jpg _yImagen de portada _qimage/jpeg |
| 999 |
_c677 _d677 |
||